| 000 | 00917nam a2200193 a 4500 | ||
|---|---|---|---|
| 008 | 120416s1981 ||||||||||||||||| || u | ||
| 050 | _aHC 800 Ind | ||
| 100 | _aAdedeji, Adebayo | ||
| 245 | 1 | 0 | _aIndigenization of African economies |
| 246 | _aAdebayo Adedeji | ||
| 260 |
_aLondon _bHutchison University Library for Africa _c1981 |
||
| 300 | _a413 pages : illustrations | ||
| 350 | _a0.00 | ||
| 650 | 0 | _aECONOMICS | |
| 650 | _aTEXTBOOKS | ||
| 995 |
_aTEXTBOOKS (SB) _D0.00 _e01246 _FCBU-SCHOOL TEXTBOOK COLLECTIONS _H1 _I0.00 _jSCHOOL TEXTBOOK _M3 _UAVAILABLE _WSep 16, 2009 _y01246 _ZSchool Collections |
||
| 995 |
_aANNEX COLLECTION (Main Library) _D0.00 _e708606 _FCBU-MAIN LIBRARY (Kitwe) _H1 _I26.40 _jHC 800 Ind _M1 _UAVAILABLE _y003278 _ZAnnex Low-Usage Collection |
||
| 995 |
_aANNEX COLLECTION (Main Library) _D0.00 _e708605 _FCBU-MAIN LIBRARY (Kitwe) _H2 _I26.40 _jHC 800 Ind _M2 _UAVAILABLE _y003277 _ZAnnex Low-Usage Collection |
||
| 999 |
_c76472 _d76472 |
||